Todas as Bandeiras - Statistics

Estatísticas Gerais
  • Esse quiz foi jogado 166 vezes
  • A pontuação média é 132 de 196
Estatísticas das Respostas
Imagem Resposta % Correto
China
100%
Alemanha
94%
Espanha
94%
Canadá
91%
Coréia do Sul
91%
Japão
91%
Suíça
91%
Argentina
90%
Bélgica
90%
Estados Unidos
90%
França
90%
Israel
90%
Reino Unido
90%
Tunísia
90%
Turquia
90%
Vietname
90%
Marrocos
89%
Uruguai
89%
Austrália
88%
Coréia do Norte
88%
Croácia
88%
Rússia
88%
Albânia
87%
Brasil
87%
Grécia
87%
Noruega
87%
Nova Zelândia
87%
Suécia
87%
África do Sul
86%
Angola
86%
Chile
86%
Dinamarca
86%
Finlândia
86%
Jamaica
86%
Líbano
86%
México
86%
Nepal
86%
Países Baixos
86%
Panamá
86%
Portugal
86%
Catar
85%
Cuba
84%
Geórgia
84%
Itália
84%
Polônia
84%
Sérvia
84%
Ucrânia
84%
Arábia Saudita
83%
Islândia
83%
Peru
83%
República Checa
83%
Macedónia do Norte
82%
República Dominicana
82%
Áustria
81%
Barbados
81%
Eslováquia
81%
Eslovénia
81%
Indonésia
81%
Paraguai
81%
Honduras
80%
Índia
80%
Irã
80%
Kosovo
80%
Luxemburgo
80%
Malta
80%
Costa Rica
79%
Filipinas
79%
Nigéria
79%
Tailândia
78%
Bangladesh
77%
Cazaquistão
77%
Malásia
77%
Mônaco
77%
Singapura
77%
Bósnia e Herzegovina
76%
Papua Nova Guiné
76%
Paquistão
76%
Letónia
74%
Mongólia
74%
Nicarágua
74%
Taiwan
74%
Uganda
74%
Bahrein
73%
Estônia
73%
Irlanda
73%
Laos
73%
San Marino
73%
Vaticano
73%
Camboja
72%
Guatemala
72%
Palau
72%
República Democrática do Congo
72%
Argélia
71%
Bielorrússia
71%
Haiti
71%
Hungria
71%
Montenegro
71%
Butão
70%
El Salvador
70%
Chipre
69%
Costa do Marfim
69%
Trinidad e Tobago
69%
Cabo Verde
68%
Estados Federados da Micronésia
68%
Fiji
68%
Sri Lanka
68%
Quirguistão
67%
Bulgária
66%
Liechtenstein
65%
Somália
65%
Suazilândia
65%
Bahamas
64%
Santa Lúcia
64%
Timor Leste
64%
Libéria
63%
Níger
63%
Tonga
63%
Seychelles
62%
Antígua e Barbuda
61%
Azerbaijão
61%
Kiribati
61%
Moçambique
61%
Uzbequistão
61%
Belize
60%
Botswana
60%
Gabão
60%
Romênia
60%
Venezuela
60%
Equador
59%
Burkina Faso
57%
Colômbia
57%
Samoa
57%
Senegal
57%
Suriname
57%
Afeganistão
56%
Camarões
56%
Gana
56%
Madagáscar
56%
Maldivas
56%
Turquemenistão
56%
Zâmbia
56%
Tanzânia
55%
Dominica
54%
Egito
54%
Ilhas Marshall
54%
Iraque
54%
Lesoto
54%
Tuvalu
54%
Brunei
53%
Nauru
53%
República Centro-Africana
52%
Comores
50%
Etiópia
50%
Mali
50%
São Vicente e Granadinas
50%
Granada
49%
Mauritânia
49%
Síria
49%
Sudão do Sul
49%
Andorra
48%
Bolívia
48%
Eritreia
48%
Serra Leoa
48%
Djibouti
47%
Emirados Árabes Unidos
47%
Tajiquistão
47%
Burundi
46%
Guiana
46%
Ruanda
46%
Chade
45%
Guiné Equatorial
45%
Maurícia
45%
Quênia
45%
Ilhas Salomão
44%
Moldávia
44%
Iémen
43%
Armênia
41%
Birmânia
41%
República do Congo
41%
Lituânia
40%
Namíbia
40%
Zimbábue
40%
Gâmbia
39%
Togo
39%
Vanuatu
39%
Jordânia
38%
Kuweit
38%
Omã
37%
São Tomé e Príncipe
37%
Líbia
36%
Guiné-Bissau
35%
Malawi
35%
São Cristóvão e Nevis
35%
Guiné
34%
Benim
33%
Sudão
31%
Nenhum quiz correspondente encontrado
Distribuição das Pontuações
Porcentagem de Pessoas com Cada Pontuação
Percentil de Números Respondidos
Sua Pontuação Histórica
Você não jogou esse quiz